000 01019cam a2200265 a 4500
001 000010380
005 20200929162227.0
008 931028s1990 sp 001 0 spa d
020 _a8476440553
035 _a(DLC) 93224615
035 _a(OCoLC)24140947
040 _aDO-SdBNP
_cNSbSU
_dBNPHU
082 _a862.64
_bB465h
100 1 _aBenet i Jornet, Josep M.,
_q(Josep María Benet i Jornet),
_d1940-
_925390
245 1 0 _aHistoria del virtuoso caballero Tirant lo Blanc /
_cJosep M. Benet i Jornet ; traducción de Sergio Mustieles Rebullida.
260 _aMadrid :
_bAntonio Machado,
_c1990.
300 _a135 ;
_c17 cm.
490 1 _aBiblioteca Antonio Machado de teatro
_v49
_aTeatro de autores españoles
650 4 _aTeatro español
_93071
650 4 _aLiteratura española
_ySIGLO XX
_93326
700 1 _aMustieles Rebullida, Sergio,
_etr.
_925391
830 0 _aBiblioteca Antonio Machado de teatro ;
_v49
_pTeatro de autores españoles
_924561
910 _aCatalogación por copia / LC
049 _aBNGR
999 _c10139
_d10139